[Event "ODJM A 2022"]
[Site "Willingen GER"]
[Date "2022.06.07"]
[Round "4"]
[White "Meiwes, Thore"]
[Black "Panjer, Sidney"]
[Result "0-1"]
[Termination "normal"]
[Board "1"]
[WhiteElo "2079"]
[BlackElo "2043"]
[WhiteClock "00:20:24"]
[BlackClock "00:25:30"]
[PlyCount "118"]
[WhiteFideId "16201256"]
[BlackFideId "16207041"]
[EventCountry "GER"]
[EventRounds "9"]
[EventType "swiss"]
[EventDate "2022.06.04"]

1. d4 {[%clk 1:30:57]} Nf6 {[%clk 1:30:42]} 2. Bf4 {[%clk 1:31:17]} e6 {[%clk
1:31:21]} 3. e3 {[%clk 1:32:05]} d5 {[%clk 1:31:30]} 4. Nf3 {[%clk 1:32:20]} c5
{[%clk 1:31:55]} 5. Nbd2 {[%clk 1:31:44]} Bd6 {[%clk 1:32:15]} 6. Bg3 {[%clk
1:30:29]} O-O {[%clk 1:32:32]} 7. c3 {[%clk 1:30:21]} Qc7 {[%clk 1:32:41]} 8.
Ne5 {[%clk 1:27:50]} Nbd7 {[%clk 1:31:03]} 9. f4 {[%clk 1:27:53]} b6 {[%clk
1:30:14]} 10. Bd3 {[%clk 1:28:09]} a5 {[%clk 1:19:49]} 11. Qe2 {[%clk 1:23:20]}
Bb7 {[%clk 1:11:45]} 12. Qf3 {[%clk 1:17:41]} Ba6 {[%clk 1:10:04]} 13. Bh4
{[%clk 1:04:23]} Bxd3 {[%clk 1:09:04]} 14. Nxd3 {[%clk 1:03:12]} b5 {[%clk
1:08:13]} 15. O-O {[%clk 1:01:13]} Rfc8 {[%clk 0:57:12]} 16. dxc5 {[%clk
0:53:14]} Bxc5 {[%clk 0:56:49]} 17. Kh1 {[%clk 0:51:19]} b4 {[%clk 0:49:35]}
18. c4 {[%clk 0:47:33]} Qb6 {[%clk 0:39:42]} 19. Rfe1 {[%clk 0:46:11]} Qa6
{[%clk 0:28:29]} 20. b3 {[%clk 0:41:48]} a4 {[%clk 0:24:27]} 21. Rab1 {[%clk
0:41:40]} dxc4 {[%clk 0:21:05]} 22. Nxc4 {[%clk 0:40:24]} Nd5 {[%clk 0:20:11]}
23. Nde5 {[%clk 0:34:34]} Nxe5 {[%clk 0:19:01]} 24. fxe5 {[%clk 0:34:35]} Nc3
{[%clk 0:18:30]} 25. Rb2 {[%clk 0:31:43]} Qc6 {[%clk 0:15:44]} 26. e4 {[%clk
0:30:52]} Rc7 {[%clk 0:14:10]} 27. h3 {[%clk 0:27:41]} Rd7 {[%clk 0:13:32]} 28.
Qg4 {[%clk 0:23:13]} Rd4 {[%clk 0:08:57]} 29. Bf6 {[%clk 0:22:26]} g6 {[%clk
0:09:08]} 30. Nd2 {[%clk 0:18:01]} Bf8 {[%clk 0:06:40]} 31. Qh4 {[%clk
0:15:40]} Ra7 {[%clk 0:06:47]} 32. Rc2 {[%clk 0:11:39]} Rad7 {[%clk 0:06:12]}
33. Nf3 {[%clk 0:08:20]} Rd1 {[%clk 0:03:18]} 34. Kh2 {[%clk 0:07:26]} Qa6
{[%clk 0:00:45]} 35. Rxd1 {[%clk 0:03:59]} Rxd1 {[%clk 0:01:14]} 36. Rf2 {[%clk
0:03:54]} Rf1 {[%clk 0:00:42]} 37. Rd2 {[%clk 0:04:16]} Rd1 {[%clk 0:00:58]}
38. Ng5 {[%clk 0:03:46]} h6 {[%clk 0:00:55]} 39. Rxd1 {[%clk 0:02:23]} Nxd1
{[%clk 0:01:23]} 40. Qe1 {[%clk 0:01:05]} Nc3 {[%clk 0:01:40]} 41. Nf3 {[%clk
0:24:05]} Qd3 {[%clk 0:23:09]} 42. Qd2 {[%clk 0:22:04]} Qxd2 {[%clk 0:19:42]}
43. Nxd2 {[%clk 0:22:30]} a3 {[%clk 0:19:55]} 44. Nf3 {[%clk 0:18:54]} Nxa2
{[%clk 0:20:02]} 45. Nd4 {[%clk 0:18:50]} Nc1 {[%clk 0:20:09]} 46. Bh4 {[%clk
0:18:43]} a2 {[%clk 0:20:30]} 47. Nc2 {[%clk 0:19:07]} Nxb3 {[%clk 0:20:54]}
48. Be1 {[%clk 0:19:03]} a1=Q {[%clk 0:21:13]} 49. Nxa1 {[%clk 0:19:30]} Nxa1
{[%clk 0:21:37]} 50. Kg3 {[%clk 0:19:43]} Nc2 {[%clk 0:22:04]} 51. Bd2 {[%clk
0:20:01]} b3 {[%clk 0:22:30]} 52. Bc3 {[%clk 0:20:02]} Ba3 {[%clk 0:22:55]} 53.
Kh4 {[%clk 0:19:19]} b2 {[%clk 0:23:18]} 54. Bxb2 {[%clk 0:19:21]} Bxb2 {[%clk
0:23:44]} 55. g4 {[%clk 0:19:39]} Kg7 {[%clk 0:24:04]} 56. g5 {[%clk 0:19:45]}
hxg5+ {[%clk 0:24:23]} 57. Kxg5 {[%clk 0:19:40]} Bxe5 {[%clk 0:24:44]} 58. h4
{[%clk 0:20:02]} Bf6+ {[%clk 0:25:04]} 59. Kg4 {[%clk 0:20:24]} Bxh4 {[%clk
0:25:30]} 0-1

[Event "ODJM A 2022"]
[Site "Willingen GER"]
[Date "2022.06.07"]
[Round "4"]
[White "Stelmaszyk, Nico"]
[Black "François, Yannick"]
[Result "1-0"]
[Termination "normal"]
[Board "2"]
[WhiteTitle "FM"]
[WhiteElo "2302"]
[BlackElo "1867"]
[WhiteClock "00:27:51"]
[BlackClock "00:41:13"]
[PlyCount "87"]
[WhiteFideId "16200462"]
[BlackFideId "16200918"]
[EventCountry "GER"]
[EventRounds "9"]
[EventType "swiss"]
[EventDate "2022.06.04"]

1. e4 {[%clk 1:30:58]} c5 {[%clk 1:30:49]} 2. c3 {[%clk 1:31:23]} Nf6 {[%clk
1:31:08]} 3. e5 {[%clk 1:31:48]} Nd5 {[%clk 1:31:29]} 4. Nf3 {[%clk 1:32:15]}
Nc6 {[%clk 1:31:29]} 5. Bc4 {[%clk 1:32:38]} Nb6 {[%clk 1:31:35]} 6. Bb3 {[%clk
1:33:03]} d5 {[%clk 1:31:57]} 7. exd6 {[%clk 1:33:27]} Qxd6 {[%clk 1:32:09]} 8.
Na3 {[%clk 1:33:50]} a6 {[%clk 1:31:57]} 9. O-O {[%clk 1:34:11]} Bf5 {[%clk
1:31:09]} 10. Bxf7+ {[%clk 1:34:30]} Kxf7 {[%clk 1:31:28]} 11. Qb3+ {[%clk
1:34:53]} Nd5 {[%clk 1:31:53]} 12. Nc4 {[%clk 1:35:13]} Qd8 {[%clk 1:24:45]}
13. Qxb7 {[%clk 1:35:28]} Rc8 {[%clk 1:23:44]} 14. d4 {[%clk 1:35:39]} Rc7
{[%clk 1:23:09]} 15. Qxa6 {[%clk 1:35:38]} cxd4 {[%clk 1:23:28]} 16. Rd1 {[%clk
1:34:31]} e6 {[%clk 1:22:19]} 17. g4 {[%clk 1:29:51]} Bg6 {[%clk 1:18:46]} 18.
Nce5+ {[%clk 1:23:05]} Nxe5 {[%clk 1:17:32]} 19. Nxe5+ {[%clk 1:23:09]} Kg8
{[%clk 1:09:31]} 20. Qxe6+ {[%clk 1:17:30]} Bf7 {[%clk 1:07:56]} 21. Nxf7
{[%clk 1:17:52]} Rxf7 {[%clk 1:08:24]} 22. Rxd4 {[%clk 1:18:02]} Qh4 {[%clk
1:07:51]} 23. Bf4 {[%clk 1:12:38]} Nf6 {[%clk 1:02:04]} 24. Bg3 {[%clk
1:09:29]} Qh3 {[%clk 1:02:08]} 25. Re1 {[%clk 1:06:48]} h5 {[%clk 0:58:20]} 26.
g5 {[%clk 1:06:43]} Qxe6 {[%clk 0:58:13]} 27. Rxe6 {[%clk 1:07:07]} Nd7 {[%clk
0:55:48]} 28. g6 {[%clk 1:04:40]} Rf6 {[%clk 0:55:44]} 29. Re8 {[%clk 1:04:56]}
Nc5 {[%clk 0:55:22]} 30. b4 {[%clk 0:44:24]} Ne6 {[%clk 0:52:06]} 31. Rd6
{[%clk 0:43:50]} Nc7 {[%clk 0:51:31]} 32. Rxf6 {[%clk 0:42:48]} Nxe8 {[%clk
0:51:53]} 33. Re6 {[%clk 0:40:38]} Nf6 {[%clk 0:52:05]} 34. Bf4 {[%clk
0:40:30]} h4 {[%clk 0:45:49]} 35. Bg5 {[%clk 0:39:48]} Rh5 {[%clk 0:46:05]} 36.
f4 {[%clk 0:38:35]} Nd5 {[%clk 0:46:21]} 37. Rc6 {[%clk 0:29:58]} Ne7 {[%clk
0:44:03]} 38. Rd6 {[%clk 0:29:25]} Nf5 {[%clk 0:43:58]} 39. Rd8 {[%clk
0:29:36]} h3 {[%clk 0:41:01]} 40. b5 {[%clk 0:29:16]} Nh4 {[%clk 0:41:19]} 41.
b6 {[%clk 0:27:03]} Nf3+ {[%clk 0:41:26]} 42. Kf2 {[%clk 0:27:12]} Nxh2 {[%clk
0:40:51]} 43. b7 {[%clk 0:27:29]} Ng4+ {[%clk 0:41:13]} 44. Ke2 {[%clk
0:27:51]} 1-0

[Event "ODJM A 2022"]
[Site "Willingen GER"]
[Date "2022.06.07"]
[Round "4"]
[White "Gallasch, Jonas"]
[Black "Brinkmann, Fabian"]
[Result "0-1"]
[Termination "normal"]
[Board "3"]
[WhiteElo "2060"]
[BlackElo "2126"]
[WhiteClock "00:00:58"]
[BlackClock "00:08:03"]
[PlyCount "136"]
[WhiteFideId "16222474"]
[BlackFideId "24661414"]
[EventCountry "GER"]
[EventRounds "9"]
[EventType "swiss"]
[EventDate "2022.06.04"]

1. d4 {[%clk 1:30:57]} Nf6 {[%clk 1:30:54]} 2. c4 {[%clk 1:31:20]} e6 {[%clk
1:31:20]} 3. Nf3 {[%clk 1:31:43]} c5 {[%clk 1:31:45]} 4. d5 {[%clk 1:31:38]} b5
{[%clk 1:31:39]} 5. e4 {[%clk 1:30:07]} Nxe4 {[%clk 1:20:40]} 6. Bd3 {[%clk
1:28:55]} Nf6 {[%clk 1:19:32]} 7. Nc3 {[%clk 1:27:56]} b4 {[%clk 1:05:25]} 8.
Ne4 {[%clk 1:28:14]} Bb7 {[%clk 0:58:52]} 9. Bg5 {[%clk 1:20:39]} d6 {[%clk
0:48:27]} 10. Bxf6 {[%clk 0:58:47]} gxf6 {[%clk 0:43:56]} 11. Bc2 {[%clk
0:57:00]} f5 {[%clk 0:36:15]} 12. Ba4+ {[%clk 0:48:39]} Ke7 {[%clk 0:36:38]}
13. Ng3 {[%clk 0:47:32]} h5 {[%clk 0:25:48]} 14. Qe2 {[%clk 0:41:25]} f4 {[%clk
0:21:55]} 15. Ne4 {[%clk 0:39:21]} Qa5 {[%clk 0:14:43]} 16. b3 {[%clk 0:36:55]}
Bg7 {[%clk 0:14:12]} 17. O-O-O {[%clk 0:35:58]} e5 {[%clk 0:13:19]} 18. Rhe1
{[%clk 0:30:36]} Qc7 {[%clk 0:10:16]} 19. g3 {[%clk 0:24:45]} fxg3 {[%clk
0:09:26]} 20. Nxg3 {[%clk 0:24:47]} Bc8 {[%clk 0:09:11]} 21. Nh4 {[%clk
0:23:28]} Bh6+ {[%clk 0:09:34]} 22. Kb1 {[%clk 0:23:41]} Bg5 {[%clk 0:08:45]}
23. Nhf5+ {[%clk 0:23:13]} Kf8 {[%clk 0:07:12]} 24. h4 {[%clk 0:19:08]} Bf4
{[%clk 0:06:54]} 25. Qf3 {[%clk 0:18:59]} Qd8 {[%clk 0:06:06]} 26. Bc6 {[%clk
0:17:24]} Nxc6 {[%clk 0:04:37]} 27. dxc6 {[%clk 0:17:52]} Qf6 {[%clk 0:04:58]}
28. Qe4 {[%clk 0:15:50]} Bxg3 {[%clk 0:05:23]} 29. Nxg3 {[%clk 0:16:16]} a5
{[%clk 0:05:20]} 30. Qd5 {[%clk 0:15:17]} Rh6 {[%clk 0:05:25]} 31. Ka1 {[%clk
0:12:31]} Qe6 {[%clk 0:04:27]} 32. Ne4 {[%clk 0:11:18]} Qxd5 {[%clk 0:04:50]}
33. Rxd5 {[%clk 0:11:16]} Ke7 {[%clk 0:04:32]} 34. Red1 {[%clk 0:11:30]} Bg4
{[%clk 0:04:36]} 35. R1d2 {[%clk 0:10:09]} Bf3 {[%clk 0:04:36]} 36. Nxd6 {[%clk
0:02:35]} Bxd5 {[%clk 0:03:56]} 37. Nf5+ {[%clk 0:03:04]} Ke6 {[%clk 0:02:34]}
38. Ng7+ {[%clk 0:02:43]} Kf6 {[%clk 0:03:03]} 39. cxd5 {[%clk 0:03:01]} Kxg7
{[%clk 0:03:20]} 40. d6 {[%clk 0:03:28]} Rxd6 {[%clk 0:02:44]} 41. Rxd6 {[%clk
0:02:05]} Rc8 {[%clk 0:00:39]} 42. Kb2 {[%clk 0:27:41]} f6 {[%clk 0:24:46]} 43.
Rd7+ {[%clk 0:27:20]} Kg6 {[%clk 0:25:10]} 44. c7 {[%clk 0:27:47]} Kf5 {[%clk
0:25:29]} 45. Kc2 {[%clk 0:23:38]} Ke6 {[%clk 0:19:59]} 46. Rh7 {[%clk
0:23:20]} Kd6 {[%clk 0:20:23]} 47. Kd3 {[%clk 0:19:21]} Rxc7 {[%clk 0:19:42]}
48. Rxh5 {[%clk 0:19:38]} Kd5 {[%clk 0:19:08]} 49. Rh8 {[%clk 0:18:15]} Rd7
{[%clk 0:18:11]} 50. h5 {[%clk 0:16:29]} f5 {[%clk 0:11:18]} 51. f3 {[%clk
0:13:46]} c4+ {[%clk 0:08:55]} 52. bxc4+ {[%clk 0:13:22]} Kc5+ {[%clk 0:09:24]}
53. Kc2 {[%clk 0:12:48]} Kxc4 {[%clk 0:09:41]} 54. h6 {[%clk 0:12:47]} a4
{[%clk 0:09:27]} 55. h7 {[%clk 0:12:34]} b3+ {[%clk 0:08:56]} 56. axb3+ {[%clk
0:12:38]} axb3+ {[%clk 0:09:25]} 57. Kc1 {[%clk 0:10:12]} Kd3 {[%clk 0:08:17]}
58. Kb2 {[%clk 0:06:59]} e4 {[%clk 0:08:08]} 59. fxe4 {[%clk 0:01:01]} fxe4
{[%clk 0:08:35]} 60. Rb8 {[%clk 0:00:34]} Rxh7 {[%clk 0:08:58]} 61. Kxb3 {[%clk
0:00:34]} e3 {[%clk 0:09:09]} 62. Rd8+ {[%clk 0:00:59]} Ke2 {[%clk 0:09:29]}
63. Kc3 {[%clk 0:00:34]} Ke1 {[%clk 0:07:10]} 64. Re8 {[%clk 0:00:32]} e2
{[%clk 0:07:33]} 65. Kc2 {[%clk 0:00:59]} Rf7 {[%clk 0:07:20]} 66. Kd3 {[%clk
0:01:03]} Kf1 {[%clk 0:07:28]} 67. Rh8 {[%clk 0:00:31]} e1=Q {[%clk 0:07:39]}
68. Rh1+ {[%clk 0:00:58]} Kf2 {[%clk 0:08:03]} 0-1

[Event "ODJM A 2022"]
[Site "Willingen GER"]
[Date "2022.06.07"]
[Round "4"]
[White "Reimer, Philip"]
[Black "Wensing, Maximilian"]
[Result "1/2-1/2"]
[Termination "normal"]
[Board "4"]
[WhiteElo "1977"]
[BlackElo "2063"]
[WhiteClock "00:01:27"]
[BlackClock "00:19:32"]
[PlyCount "75"]
[WhiteFideId "16235860"]
[BlackFideId "16222415"]
[EventCountry "GER"]
[EventRounds "9"]
[EventType "swiss"]
[EventDate "2022.06.04"]

1. e4 {[%clk 1:30:57]} c5 {[%clk 1:30:53]} 2. Nf3 {[%clk 1:31:19]} a6 {[%clk
1:31:15]} 3. c3 {[%clk 1:31:42]} d5 {[%clk 1:31:39]} 4. exd5 {[%clk 1:31:48]}
Nf6 {[%clk 1:32:02]} 5. d4 {[%clk 1:30:31]} Qxd5 6. dxc5 {[%clk 1:29:28]} Qxc5
{[%clk 1:22:52]} 7. Be3 {[%clk 1:23:58]} Qc7 {[%clk 1:22:47]} 8. Nbd2 {[%clk
1:18:39]} e6 {[%clk 1:18:49]} 9. Bd3 {[%clk 1:03:14]} Be7 {[%clk 1:09:06]} 10.
a4 {[%clk 1:03:26]} Nd5 {[%clk 1:01:43]} 11. Qe2 {[%clk 0:56:29]} Nxe3 {[%clk
0:58:51]} 12. Qxe3 {[%clk 0:56:29]} Nd7 {[%clk 0:57:32]} 13. O-O {[%clk
0:56:10]} Nf6 {[%clk 0:45:16]} 14. a5 {[%clk 0:51:03]} O-O {[%clk 0:43:59]} 15.
Nc4 {[%clk 0:50:17]} Bd7 {[%clk 0:43:20]} 16. Nb6 {[%clk 0:46:34]} Rad8 {[%clk
0:43:34]} 17. b4 {[%clk 0:40:50]} Bd6 {[%clk 0:39:43]} 18. Rfd1 {[%clk
0:32:08]} Bf4 {[%clk 0:37:19]} 19. Qc5 {[%clk 0:14:38]} Qxc5 {[%clk 0:28:21]}
20. bxc5 {[%clk 0:15:06]} Bc6 {[%clk 0:28:40]} 21. Nd4 {[%clk 0:15:18]} Be4
{[%clk 0:29:04]} 22. c6 {[%clk 0:07:13]} Bxd3 {[%clk 0:24:04]} 23. Rxd3 {[%clk
0:07:37]} bxc6 {[%clk 0:24:28]} 24. Rf3 {[%clk 0:08:01]} Bc7 {[%clk 0:24:47]}
25. Nxc6 {[%clk 0:08:08]} Rd6 {[%clk 0:24:24]} 26. Ne7+ {[%clk 0:07:56]} Kh8
{[%clk 0:24:47]} 27. Nc4 {[%clk 0:08:12]} Rd7 {[%clk 0:24:35]} 28. Nc6 {[%clk
0:08:31]} Rd5 {[%clk 0:19:27]} 29. Nb4 {[%clk 0:05:31]} Rc5 {[%clk 0:19:51]}
30. Nb6 {[%clk 0:05:31]} Bxb6 {[%clk 0:19:32]} 31. axb6 {[%clk 0:05:32]} a5
{[%clk 0:19:56]} 32. b7 {[%clk 0:04:40]} Rb5 {[%clk 0:20:21]} 33. Nc6 {[%clk
0:03:51]} Rxb7 {[%clk 0:20:44]} 34. Kf1 {[%clk 0:04:00]} Rc8 {[%clk 0:20:52]}
35. Nxa5 {[%clk 0:03:33]} Rb2 {[%clk 0:20:47]} 36. c4 {[%clk 0:02:21]} h5
{[%clk 0:20:51]} 37. Rfa3 {[%clk 0:01:46]} Rc5 {[%clk 0:19:32]} 38. R3a2 {[%clk
0:01:27]} 1/2-1/2

[Event "ODJM A 2022"]
[Site "Willingen GER"]
[Date "2022.06.07"]
[Round "4"]
[White "Köhler, Lukas"]
[Black "Nied, Pascal"]
[Result "1/2-1/2"]
[Termination "normal"]
[Board "5"]
[WhiteElo "2099"]
[BlackElo "2030"]
[WhiteClock "00:22:54"]
[BlackClock "00:07:51"]
[PlyCount "104"]
[WhiteFideId "16221990"]
[BlackFideId "16260597"]
[EventCountry "GER"]
[EventRounds "9"]
[EventType "swiss"]
[EventDate "2022.06.04"]

1. Nf3 {[%clk 1:30:57]} Nf6 {[%clk 1:27:24]} 2. b3 {[%clk 1:31:19]} d5 {[%clk
1:25:21]} 3. Bb2 {[%clk 1:31:38]} e6 {[%clk 1:25:06]} 4. e3 {[%clk 1:31:02]}
Bd6 {[%clk 1:23:21]} 5. c4 {[%clk 1:30:51]} O-O {[%clk 1:20:42]} 6. Nc3 {[%clk
1:26:51]} c6 {[%clk 1:18:20]} 7. d4 {[%clk 1:26:01]} Nbd7 {[%clk 1:17:50]} 8.
Qc2 {[%clk 1:08:36]} Re8 {[%clk 1:11:11]} 9. Be2 {[%clk 0:55:46]} b6 {[%clk
1:09:01]} 10. O-O {[%clk 0:52:27]} Bb7 {[%clk 1:08:19]} 11. e4 {[%clk 0:44:31]}
dxe4 {[%clk 1:05:54]} 12. Nxe4 {[%clk 0:44:53]} Nxe4 {[%clk 1:05:54]} 13. Qxe4
{[%clk 0:45:16]} Nf6 {[%clk 1:01:54]} 14. Qh4 {[%clk 0:44:07]} c5 {[%clk
0:59:42]} 15. dxc5 {[%clk 0:39:50]} Bxc5 {[%clk 0:58:08]} 16. Rad1 {[%clk
0:37:13]} Qe7 {[%clk 0:57:30]} 17. Ne5 {[%clk 0:34:55]} Rad8 {[%clk 0:52:48]}
18. Nd3 {[%clk 0:22:30]} Ne4 {[%clk 0:42:55]} 19. Qxe7 {[%clk 0:19:26]} Bxe7
{[%clk 0:43:10]} 20. f3 {[%clk 0:18:24]} Nd6 {[%clk 0:32:03]} 21. g4 {[%clk
0:09:12]} f6 {[%clk 0:19:27]} 22. Ba3 {[%clk 0:07:11]} Kf7 {[%clk 0:18:53]} 23.
Rfe1 {[%clk 0:06:51]} Bf8 {[%clk 0:12:13]} 24. Rc1 {[%clk 0:05:41]} a5 {[%clk
0:10:02]} 25. Kf2 {[%clk 0:04:40]} Ne4+ {[%clk 0:07:42]} 26. fxe4 {[%clk
0:05:01]} Bxa3 {[%clk 0:08:09]} 27. Rcd1 {[%clk 0:04:44]} Bxe4 {[%clk 0:08:21]}
28. Ke3 {[%clk 0:04:15]} Bb7 {[%clk 0:06:32]} 29. Bf3 {[%clk 0:03:53]} Bxf3
{[%clk 0:05:50]} 30. Kxf3 {[%clk 0:04:20]} Rd4 {[%clk 0:05:09]} 31. Nf4 {[%clk
0:03:44]} Bc5 {[%clk 0:02:51]} 32. Rxd4 {[%clk 0:02:36]} Bxd4 {[%clk 0:03:19]}
33. Rd1 {[%clk 0:02:52]} e5 {[%clk 0:02:05]} 34. Nd5 {[%clk 0:02:15]} Bc5
{[%clk 0:00:45]} 35. Ke4 {[%clk 0:02:07]} Rd8 {[%clk 0:00:45]} 36. h4 {[%clk
0:01:30]} h6 {[%clk 0:00:48]} 37. h5 {[%clk 0:01:31]} Rd6 {[%clk 0:00:34]} 38.
Kf5 {[%clk 0:01:20]} Bd4 {[%clk 0:00:34]} 39. Nc3 {[%clk 0:01:07]} Bc5 {[%clk
0:00:40]} 40. Rd5 {[%clk 0:00:32]} Bb4 {[%clk 0:00:34]} 41. Rxd6 {[%clk
0:26:08]} Bxd6 {[%clk 0:31:02]} 42. Ne4 {[%clk 0:26:27]} Bb4 {[%clk 0:29:04]}
43. Nf2 {[%clk 0:25:16]} Bd2 {[%clk 0:27:34]} 44. Ne4 {[%clk 0:25:37]} Be3
{[%clk 0:27:22]} 45. Nc3 {[%clk 0:25:57]} Bd4 {[%clk 0:26:06]} 46. Ne4 {[%clk
0:25:59]} Bc5 {[%clk 0:25:22]} 47. Nc3 {[%clk 0:26:08]} Be3 {[%clk 0:25:22]}
48. Ne4 {[%clk 0:26:30]} Ke7 {[%clk 0:24:53]} 49. a4 {[%clk 0:23:28]} Kd7
{[%clk 0:14:30]} 50. Nc3 {[%clk 0:23:09]} Kc6 {[%clk 0:11:52]} 51. Ne4 {[%clk
0:22:31]} Kd7 {[%clk 0:07:30]} 52. Nc3 {[%clk 0:22:54]} Kc6 {[%clk 0:07:51]}
1/2-1/2

[Event "ODJM A 2022"]
[Site "Willingen GER"]
[Date "2022.06.07"]
[Round "4"]
[White "Herter, Arne"]
[Black "Terhuven, Patrick"]
[Result "1-0"]
[Termination "normal"]
[Board "7"]
[WhiteElo "1943"]
[BlackElo "2175"]
[WhiteClock "00:03:20"]
[BlackClock "00:02:25"]
[PlyCount "151"]
[WhiteFideId "16255372"]
[BlackFideId "12919098"]
[EventCountry "GER"]
[EventRounds "9"]
[EventType "swiss"]
[EventDate "2022.06.04"]

1. e4 {[%clk 1:30:57]} c5 {[%clk 1:30:52]} 2. Nf3 {[%clk 1:31:20]} Nc6 {[%clk
1:31:14]} 3. d4 {[%clk 1:31:31]} cxd4 {[%clk 1:31:37]} 4. Nxd4 {[%clk 1:31:54]}
g6 {[%clk 1:32:00]} 5. Nc3 {[%clk 1:32:09]} Bg7 {[%clk 1:32:23]} 6. Be3 {[%clk
1:32:18]} Nf6 {[%clk 1:32:48]} 7. Bc4 {[%clk 1:32:27]} O-O {[%clk 1:33:08]} 8.
Bb3 {[%clk 1:32:32]} Re8 {[%clk 1:33:23]} 9. f3 {[%clk 1:30:37]} d5 {[%clk
1:33:19]} 10. exd5 {[%clk 1:22:11]} Nb4 {[%clk 1:33:20]} 11. Nde2 {[%clk
1:08:32]} e6 {[%clk 1:30:31]} 12. dxe6 {[%clk 0:59:49]} Bxe6 {[%clk 1:30:09]}
13. Bc5 {[%clk 0:52:27]} Qa5 {[%clk 1:19:59]} 14. Bxb4 {[%clk 0:45:38]} Qxb4
{[%clk 1:20:11]} 15. O-O {[%clk 0:44:13]} Rad8 {[%clk 1:18:39]} 16. Qe1 {[%clk
0:31:42]} Bc4 {[%clk 0:47:27]} 17. Rd1 {[%clk 0:16:29]} b5 {[%clk 0:39:32]} 18.
Rxd8 {[%clk 0:12:30]} Rxd8 {[%clk 0:39:59]} 19. a3 {[%clk 0:12:01]} Qe7 {[%clk
0:33:32]} 20. Bxc4 {[%clk 0:10:23]} bxc4 {[%clk 0:34:00]} 21. Ng3 {[%clk
0:08:10]} Qb7 {[%clk 0:33:30]} 22. Nd1 {[%clk 0:02:58]} Nd5 {[%clk 0:31:59]}
23. c3 {[%clk 0:01:42]} Qb3 {[%clk 0:26:56]} 24. Ne4 {[%clk 0:01:34]} Nf4
{[%clk 0:26:13]} 25. Nef2 {[%clk 0:01:17]} Qc2 {[%clk 0:15:23]} 26. Qe4 {[%clk
0:00:57]} Qxe4 {[%clk 0:15:14]} 27. Nxe4 {[%clk 0:01:15]} f5 {[%clk 0:15:26]}
28. Nef2 {[%clk 0:00:51]} Re8 {[%clk 0:12:14]} 29. g3 {[%clk 0:00:46]} Nd5
{[%clk 0:11:45]} 30. Nh3 {[%clk 0:00:44]} Bf8 {[%clk 0:11:25]} 31. f4 {[%clk
0:00:41]} Re2 {[%clk 0:10:37]} 32. Kh1 {[%clk 0:00:36]} Bc5 {[%clk 0:10:38]}
33. Ng1 {[%clk 0:00:44]} Rc2 {[%clk 0:07:34]} 34. Nf3 {[%clk 0:00:59]} Nf6
{[%clk 0:03:41]} 35. a4 {[%clk 0:00:41]} Re2 {[%clk 0:02:23]} 36. Re1 {[%clk
0:00:45]} Rc2 {[%clk 0:02:20]} 37. a5 {[%clk 0:00:42]} Ne4 {[%clk 0:01:30]} 38.
Ng5 {[%clk 0:00:47]} Nxg5 {[%clk 0:00:59]} 39. fxg5 {[%clk 0:01:15]} Kf7 {[%clk
0:00:40]} 40. Re5 {[%clk 0:00:41]} Be7 {[%clk 0:00:37]} 41. Ne3 {[%clk
0:23:01]} Rxb2 {[%clk 0:30:01]} 42. Nxc4 {[%clk 0:21:41]} Rc2 {[%clk 0:29:47]}
43. Re3 {[%clk 0:20:53]} Bxg5 {[%clk 0:28:06]} 44. Nd6+ {[%clk 0:19:58]} Kg7
{[%clk 0:26:20]} 45. Rd3 {[%clk 0:17:27]} Bd2 {[%clk 0:21:50]} 46. a6 {[%clk
0:14:51]} Bxc3 {[%clk 0:20:48]} 47. Nb5 {[%clk 0:14:25]} Be5 {[%clk 0:18:31]}
48. Rd7+ {[%clk 0:10:07]} Kf6 {[%clk 0:17:40]} 49. Rxa7 {[%clk 0:08:51]} Ra2
{[%clk 0:06:48]} 50. Ra8 {[%clk 0:07:28]} Kg5 {[%clk 0:04:12]} 51. a7 {[%clk
0:02:21]} Kg4 {[%clk 0:03:27]} 52. Re8 {[%clk 0:02:08]} Kh3 {[%clk 0:02:37]}
53. Kg1 {[%clk 0:02:15]} Bd4+ {[%clk 0:01:39]} 54. Nxd4 {[%clk 0:02:31]} Rxa7
{[%clk 0:01:47]} 55. Nf3 {[%clk 0:01:46]} Kg4 {[%clk 0:01:09]} 56. Kf2 {[%clk
0:01:08]} h5 {[%clk 0:00:45]} 57. Ne5+ {[%clk 0:00:56]} Kh3 {[%clk 0:01:11]}
58. Nxg6 {[%clk 0:00:59]} Kxh2 {[%clk 0:01:17]} 59. Re3 {[%clk 0:00:40]} Ra2+
{[%clk 0:00:34]} 60. Kf3 {[%clk 0:01:00]} Ra1 {[%clk 0:00:38]} 61. Re2+ {[%clk
0:01:15]} Kh1 {[%clk 0:00:48]} 62. Nh4 {[%clk 0:00:51]} Rf1+ {[%clk 0:00:42]}
63. Rf2 {[%clk 0:01:10]} Ra1 {[%clk 0:00:39]} 64. Nxf5 {[%clk 0:01:17]} Ra4
{[%clk 0:00:41]} 65. Nh4 {[%clk 0:00:52]} Rg4 {[%clk 0:00:56]} 66. Re2 {[%clk
0:00:45]} Kg1 {[%clk 0:01:04]} 67. Re1+ {[%clk 0:00:42]} Kh2 {[%clk 0:01:32]}
68. Kf2 {[%clk 0:00:47]} Rg8 {[%clk 0:00:35]} 69. Nf3+ {[%clk 0:01:09]} Kh3
{[%clk 0:01:01]} 70. Rh1+ {[%clk 0:01:35]} Kg4 {[%clk 0:01:28]} 71. Rh4+ {[%clk
0:01:59]} Kf5 {[%clk 0:01:45]} 72. Rxh5+ {[%clk 0:02:26]} Kg4 {[%clk 0:02:02]}
73. Ra5 {[%clk 0:02:31]} Kh3 {[%clk 0:01:59]} 74. Ra4 {[%clk 0:02:41]} Rh8
{[%clk 0:02:07]} 75. Ng1+ {[%clk 0:02:55]} Kh2 {[%clk 0:02:25]} 76. Rh4+ {[%clk
0:03:20]} 1-0